000 00413nam a2200181Ia 4500
005 20250425161510.0
008 250425s9999 xx 000 0 und d
041 _aspa
082 _a516
100 _aGARCIA ARDURA, MANUEL
245 0 _aPROBLEMAS DE GEOMETRIA: SOLUCIONARIO
250 _a2A ED.
260 _aEspaƱa
_bS.E.
_c1950
260 _aMADRID
300 _a160
942 _c01
010 _a21634
999 _c210448
_d210448